Simulating climate with two different numerical schemes /

Bibliographic Details
Corporate Author: Carbon Dioxide Research Program (U.S.)
Other Authors: Gutowski, William J.
Format: Government Document Book
Language:English
Published: Washington, D.C. : Springfield, Va. : The Program ; Available from National Technical Information Service, [1990]
Series:TR (United States. Department of Energy. Office of Basic Energy Sciences. Carbon Dioxide Research Division) ; 049.
Subjects:

MARC

Tag First Indicator Second Indicator Subfields
LEADER 00000cam a2200000 a 4500
001 in00001069138
005 20150929103309.0
008 900906s1990 dcua b f000 0 eng d
010 |a (DG92063743  
035 |a (OCoLC)22337118 
035 |9 AFP6058AM 
040 |d FQR  |d AGL  |d GPO  |d DLC  |d UtOrBLW 
070 0 |a QC981.S55 
072 0 |a B200 
074 |a 429-N (MF) 
086 0 |a E 1.19:0459 T 
088 |a DOE/ER-0459 T 
088 |a C0 2 
090 |a QC981  |b .S55 1990 
245 0 0 |a Simulating climate with two different numerical schemes /  |c prepared by William J. Gutowski [and others] under contract no. DE-FG02-86ER60422 ; prepared for United States Department of Energy, Office of Energy Research, Office of Health and Environmental Research, Carbon Dioxide Research Program. 
264 1 |a Washington, D.C. :  |b The Program ;  |a Springfield, Va. :  |b Available from National Technical Information Service,  |c [1990] 
300 |a vii, 57 pages :  |b illustrations ;  |c 28 cm. 
336 |a text  |b txt  |2 rdacontent 
337 |a unmediated  |b n  |2 rdamedia 
338 |a volume  |b nc  |2 rdacarrier 
490 1 |a TR ;  |v 049 
500 |a Distributed to depository libraries in microfiche. 
500 |a "June 1990." 
504 |a Includes bibliographical references (pages 55-57). 
500 |a "DOE/ER-0459T." 
500 |a "C02"--Cover. 
650 0 |a Climatology  |x Mathematical models. 
650 0 |a Climatic changes  |x Mathematical models. 
650 0 |a Atmospheric circulation  |x Mathematical models. 
700 1 |a Gutowski, William J. 
710 2 |a Carbon Dioxide Research Program (U.S.) 
830 0 |a TR (United States. Department of Energy. Office of Basic Energy Sciences. Carbon Dioxide Research Division) ;  |v 049. 
999 |a MARS 
999 f f |s 9e101af7-6dc8-3a8b-816e-6b85c7ee54bd  |i fd8ad78a-a3ba-3b31-b9c6-e76c09d2a275  |t 0 
952 f f |p normal  |a Texas A&M University  |b College Station  |c Sterling C. Evans Library  |d Evans: US Documents Microfiche (3rd floor)  |t 0  |e E 1.19:0459T  |h Superintendent of Documents classification  |i unmediated -- volume  |m A14816455820 
952 f f |p normal  |a Texas A&M University  |b College Station  |c Sterling C. Evans Library  |d Evans: US Documents (Annex 5th floor)  |t 0  |e E 1.19:0459T  |h Superintendent of Documents classification  |i unmediated -- volume  |m A14832107225 
998 f f |a E 1.19:0459T  |t 0  |l Evans: US Documents (Annex 5th floor) 
998 f f |a E 1.19:0459T  |t 0  |l Evans: US Documents Microfiche (3rd floor)